| 000 | 00613nam a22001577a 4500 | ||
|---|---|---|---|
| 003 | OSt | ||
| 005 | 20150912143725.0 | ||
| 008 | 150912b xxu||||| |||| 00| 0 eng d | ||
| 040 | _cRUA | ||
| 082 | _aAGR SEN 1 BOO17 1996 Or.1 | ||
| 100 |
_9332 _aSOKSANSENG, |
||
| 245 | _aAgro-forestry potential in monkolborei district banteaymeanchey province,( សក្តានុពលភាពកសិរុក្ខាកម្មនៅស្រុកមង្គុលបូរី ខេត្តបន្ទាួមានជ័យ) | ||
| 260 |
_aphnom phen _bRUA _c1996 |
||
| 300 |
_a79p. _bill. _c29cm. |
||
| 942 |
_2ddc _cAGR |
||
| 999 |
_c311 _d311 |
||